The politics of reconstruction in the north and east: (Record no. 4677)

MARC details
000 -LEADER
fixed length control field 00432nam a2200145 4500
005 - DATE AND TIME OF LATEST TRANSACTION
control field 20240611100517.0
008 - FIXED-LENGTH DATA ELEMENTS--GENERAL INFORMATION
fixed length control field 240123b2005 |||||||| |||| 00| 0 eng d
020 ## - ISBN
ISBN 9551256034
082 ## - DEWEY DECIMAL CLASSIFICATION NUMBER
Classification number 303.6
Item number PEI
942 ## - ADDED ENTRY ELEMENTS (KOHA)
Item Type Reports
100 ## - MAIN ENTRY--PERSONAL NAME
Personal Name Peiris, Harim
245 ## - TITLE STATEMENT
Title The politics of reconstruction in the north and east:
Sub Title a review and analysis of policy 2004-2005
260 ## - PUBLICATION, DISTRIBUTION, ETC. (IMPRINT)
Place of Publication Colombo:
Name of Publisher Council for public policy,
Date of Copyright 2006
300 ## - PHYSICAL DESCRIPTION
Extent 22 p.
Holdings
Withdrawn status Lost status Source of classification or shelving scheme Damaged status Not for loan Permanent location Current location Date acquired Total Checkouts Full call number Barcode Date last seen Price effective from Koha item type
    Dewey Decimal Classification     Resource center, Muslim Women's Research And Action Forum Resource center, Muslim Women's Research And Action Forum 2024-01-23   303.6 PEI RAF4915 2024-01-23 2024-01-23 Reports

Copyright © 2023 Muslim Women's Research and Action Forum (MWRAF), No 27/3, Anderson Road, Kalubowila, Dehiwela. Funded by The Asia Fundation